|
|
|
|
| LEADER |
01148nam a22002537a 4500 |
| 001 |
29835 |
| 003 |
BD-DhAAL |
| 005 |
20170130121413.0 |
| 008 |
170130s2983 bg ||||| |||| 00| 0 eng d |
| 040 |
|
|
|a BD-DhAAL
|c BD-DhAAL
|
| 082 |
|
|
|2 23
|a 551.63095492
|
| 245 |
|
|
|a Development of four decade long climate scenario and trend :
|b temperature, rainfall, sunshine & humidity : policy brief
|
| 260 |
|
|
|a Dhaka :
|b Comprehensive Disaster Management Programme (CDMP II), Ministry of Disaster Management and Relief,
|c 2014.
|
| 300 |
|
|
|a 34 pages :
|b color illustrations, color maps ;
|c 28 cm.
|
| 526 |
|
|
|a C3ER
|
| 541 |
|
|
|e 29835
|
| 650 |
|
|
|a Climatic changes
|z Bangladesh
|x Forecasting
|9 20983
|
| 710 |
|
|
|a Bangladesh University of Engineering and Technology
|9 20984
|
| 710 |
|
|
|a Institute of Water and Flood Management
|9 20985
|
| 710 |
|
|
|a Comprehensive Disaster Management Program, 2010-2014 (Bangladesh), Phase II.
|9 20986
|
| 852 |
|
|
|a Ayesha Abed Library
|
| 942 |
|
|
|2 ddc
|c BK
|
| 999 |
|
|
|c 37958
|d 37958
|
| 952 |
|
|
|0 0
|1 0
|2 ddc
|4 0
|6 551_630954920000000_DEV
|7 0
|9 59977
|a BRACUL
|b BRACUL
|c GEN
|d 2017-01-30
|l 0
|o 551.63095492 DEV
|p 3010029835
|r 2017-01-30
|t 1
|w 2017-01-30
|y BK
|